000 00715nam a22001937a 4500
005 20251108170804.0
008 250721s2000 xx 000 0 ara d
082 1 4 _aم/956.504/حسي
100 1 _aزهران، إبراهيم أحمد
_eمعد
245 1 0 _aالنطق السامي 1952-1999 لجلالة الملك الحسين بن طلال المعظم حول شؤون الأردن الإقتصادي /
264 1 _aعمان :
_c2000.
300 _a613 ص.
650 1 7 _aتاريخ الأردن
650 1 7 _aالإقتصاد
650 1 7 _aالخطب السياسية
650 1 7 _aعهد الملك الحسين بن طلال ، ملك الأ{دن 1952 - 1999
942 _2ddc
_cREF
999 _c49001
_d49001